[Event "Remote email"]
[Site "Remote email"]
[Date "2014.06.28"]
[Round "?"]
[White "Juha, Michael"]
[Black "Roos, Bernhard"]
[Result "1/2-1/2"]
[WhiteElo "1850"]
[BlackElo "2020"]
[PlyCount "67"]
[EventDate "2014.??.??"]
[EventType "tourn (corr)"]
[EventRounds "6"]
[EventCountry "GER"]
[SourceTitle "Corr 2015"]
[Source "ChessBase"]
[SourceDate "2015.07.17"]
[SourceVersion "1"]
[SourceVersionDate "2015.07.17"]
[SourceQuality "1"]

1. e4 c5 2. Bc4 a6 3. Nf3 e6 4. 0-0 g6 5. d4 cxd4 6. Qxd4 Qf6 7. Be3 Nc6 8. Qxf6 Nxf6 9. Nc3 Bg7 10. Rad1 0-0 11. a4 Ng4 12. Bf4 Nge5 13. Bxe5 Nxe5 14. Be2 Nxf3+ 15. Bxf3 Bxc3 16. bxc3 Rd8 17. e5 Kf8 18. c4 Ke7 19. c5 f6 20. exf6+ Kxf6 21. c6 bxc6 22. Bxc6 Rb8 23. Rd2 Rb6 24. Bf3 Rb4 25. Ra1 a5 26. c3 Rc4 27. Ra3 d5 28. Rd4 Ba6 29. h3 Rxd4 30. cxd4 Rb8 31. Rc3 Rb4 32. Rc6 Bc4 33. Bg4 Rxa4 34. Bxe6 1/2-1/2

[Event "Remote email"]
[Site "Remote email"]
[Date "2013.11.16"]
[Round "?"]
[White "Langwieder, Gerald"]
[Black "Juha, Michael"]
[Result "1-0"]
[WhiteElo "1907"]
[BlackElo "1844"]
[PlyCount "39"]
[EventDate "2013.??.??"]
[EventType "tourn (corr)"]
[EventRounds "6"]
[EventCountry "GER"]
[SourceTitle "Corr 2015"]
[Source "ChessBase"]
[SourceDate "2015.07.17"]
[SourceVersion "1"]
[SourceVersionDate "2015.07.17"]
[SourceQuality "1"]

1. e4 e5 2. Nc3 Nc6 3. Bb5 Nd4 4. Nf3 Nxb5 5. Nxb5 d6 6. h3 Bd7 7. c4 Nf6 8. Qc2 Bxb5 9. cxb5 b6 10. Qc6+ Nd7 11. d4 exd4 12. Nxd4 g6 13. Be3 Bg7 14. 0-0-0 Bxd4 15. Bxd4 0-0 16. h4 h5 17. g3 Qe7 18. Rde1 Qe6 19. Qxc7 Rac8 20. Qxc8 1-0

[Event "Remote email"]
[Site "Remote email"]
[Date "2013.04.14"]
[Round "?"]
[White "Klein, Werner"]
[Black "Juha, Michael"]
[Result "1-0"]
[WhiteElo "1730"]
[BlackElo "1844"]
[PlyCount "51"]
[EventDate "2013.??.??"]
[EventType "tourn (corr)"]
[EventRounds "6"]
[EventCountry "GER"]
[SourceTitle "Corr 2015"]
[Source "ChessBase"]
[SourceDate "2015.07.17"]
[SourceVersion "1"]
[SourceVersionDate "2015.07.17"]
[SourceQuality "1"]

1. e4 e5 2. Nf3 Nc6 3. Bc4 h6 4. 0-0 Nf6 5. Re1 Bc5 6. d3 d6 7. h3 d5 8. Bb5 Qd6 9. Bxc6+ Qxc6 10. Nxe5 Qb6 11. Rf1 dxe4 12. dxe4 Nxe4 13. Nd3 Qg6 14. Qf3 Ng5 15. Re1+ Be6 16. Qxb7 0-0 17. Bxg5 Qxg5 18. Qf3 Bd5 19. Qg4 Qf6 20. c3 Bb6 21. Nd2 Be6 22. Qf3 Qg5 23. Ne4 Qd5 24. Nf4 Qc6 25. Nf6+ gxf6 26. Qxc6 1-0